000 00823nam a2200217 i 4500
001 72517
003 ES-MaACL
005 20230906171447.0
007 t|
008 040901s1982 sp a |||| | spa d
100 1 _aGirón García, Alicia.
_957272
245 1 4 _aLas bibliotecas populares de Madrid
_b: ensayo para una planificación de la lectura pública en Madrid capital : memoria /
_cpor Alicia Girón García.
260 _aMadrid :
_bAsociación Española de Archiveros, Bibliotecarios, Museólogos y Documentalistas,
_c1982.
300 _a77 p. :
_bil. ;
_c24 cm.
490 1 _aBiblioteca profesional de Anabad
650 4 _aBibliotecas públicas-
_zMadrid.
_9161754
710 2 _aANABAD.
_91389
830 0 _aBiblioteca profesional de Anabad
_9231114
852 _aES-MaACL
_jL-7280
999 _c72517
_d72517